| 000 | 00454nam a2200181Ia 4500 | ||
|---|---|---|---|
| 001 | 4055 | ||
| 003 | IN-NITTTR | ||
| 005 | 20251114232955.0 | ||
| 008 | 251113s9999||||xx |||||||||||||| ||eng|| | ||
| 040 | _beng | ||
| 040 | _cIN-NITTTR | ||
| 041 | _aeng | ||
| 082 | _a530.007 S52C | ||
| 100 | _aSemat, Henry | ||
| 245 | 0 |
_aCollege physics : _b a programme aid. / _cSemat, Henry, Blumenthal, Ralph H. |
|
| 700 | _a Blumenthal, Ralph H. | ||
| 942 |
_2ddc _cBK |
||
| 999 |
_c6540 _d6540 |
||